Gravity Falls - Le Quiz - Statistiques

Statistiques générales
  • Ce quiz a été pris 84 fois
  • Le résultat moyen est 15 sur 20
Statistiques - réponses
Questions Réponses % Correct
Prénoms des jumeaux Pines Mabel
100%
Prénoms des jumeaux Pines Dipper
96%
Leur grand oncle râleur Stan Pines
96%
Ce qu'est dandinou Un cochon
93%
Gentil bêta gourmand, employé du musée Mousse
92%
Nombre de journaux secrets 3
88%
Petit garçon blond, antagoniste de la série Li'l Gideon
88%
Le "triangle" démoniaque Bill Krypto
85%
Symbole sur la casquette du frère Pines Un sapin
83%
Nom du musée (réponse en anglais) Mystery Shack
81%
Employée du musée rousse Wendy
81%
Auteur de ces journaux Stanford Pines
75%
Symbole sur le t-shirt de ce personnage Un point d'interrogation
71%
Particularité physique de ce dernier. Il possède... 6 doigts
65%
Riche rivale blonde de la sœur Pines Pacifica Northwest
65%
Le vieux fou du village Mc{Croquette}
58%
Guitariste insistant amoureux de cette dernière Robbie
58%
Meilleures amies de la sœur Pines Candy
47%
Meilleures amies de la sœur Pines Grenda
47%
État des États-Unis dans lequel se déroule l'histoire Oregon
40%
Aucun quiz correspondant
Distribution des résultats
% des personnes avec chaque résultat
Percentile par nombre de réponses
Votre historique - résultats
Vous n’avez pas pris ce quiz